000 02615cam a22004934i 4500
003 PE-LiUPU
005 20250731173420.0
008 150706s2007 miua rb 000 0 spa d
020 _a9780825418464
035 _a(Sirsi) i9780825418464
040 _aPE-LiUPU
_bspa
_cPE-LiUPU
_erda
049 _aPRUA
082 0 4 _a297.7
_bW16
_221
100 1 _aWagner, William,
_d1936- ,
_eautor.
245 1 3 _aEl plan del islam para cambiar al mundo /
_cWilliam Wagner.
264 1 _aGrand Rapids :
_bPortavoz,
_c2007.
300 _a319 páginas :
_bilustraciones ;
_c22 centímetros
336 _atext
_2rdacontent
337 _aunmediated
_2rdamedia
338 _avolume
_2rdacarrier
504 _aIncluye referencias bibliográficas.
505 0 _aNo entremos en pánico -- Los planes del Islam para el dominio mundial -- La revolución silenciosa -- La estrategia de la misión del islam (Da'wah) -- La yijad -- Cómo comprender el concepto musulmán -- Si la construyen, ellos vendrán -- La importancia de la mezquita en el Islam -- Es Ia ley -- Las implicaciones sociales de la ley islámica (Shari'a) -- Toda la verdad y nada más que la verdad -- El papel de la verdad y el temor en el islam -- Insuficiencia de poder -- El choque de poderes entre el Islam y el cristianismo -- Mahoma, el mensaje y los medios de comunicación masiva -- Distorsiones y manipulación -- ¿Que está haciendo Alá en el mundo? -- Un panorama general de la expansión actual del islam -- Cómo medir el éxito país por país -- ¿El islam realmente dominará el mundo? -- Citas de fuentes del Oriente Medio -- Oficina de disertantes islámicos -- Distribución de la población musulmanas por nación-estado.
526 _aSEG42
526 _aSEG41
526 _aSEG40
526 _aSEG39
526 _aP94
526 _aP87
526 _aP86
526 _aP85
526 _aP77
526 _aP76
526 _aP35
541 _g001-0000583;
650 0 4 _aIslam
_xLiteratura controversial.
650 0 4 _aIslam
_xRelaciones
_xCristianismo.
650 0 4 _aCristianismo y otras religiones
_xIslam.
910 _agl
_cjck
_d20120610
942 _2ddc
_cBOOK
949 _a297.7 W16
_wDEWEY
_c1
_i64909
_lCCODEBUL1
_mBUL
_p15.00
_r0
_sY
_tBOOK
_u2015-7-6
_xTEOLOGIA
_PP35
_o.STAFF. Colección General
994 _aC0
_bPEPRU
596 _a1
999 _a297.7 W16
_wDEWEY
_c53618
_i64909
_d53618
_e2016-4-25
_f2021-11-11
_g5
_lCCODEBUL1
_mBUL
_n2
_p15.00
_r0
_sY
_tBOOK
_u2015-7-6
_xTEOLOGIA
_PP35
_0COMPRA
_o.STAFF. Colección Teología
980 _81
_gALBERTO SANCHEZ Responsable de Automatización